|
|
|
|
| LEADER |
00659cam a2200193 7i4500 |
| 001 |
0000007226 |
| 005 |
20190912090000.0 |
| 020 |
# |
# |
|a 9679787052
|
| 090 |
0 |
0 |
|a B 352.603
|b REE (LRM)
|
| 245 |
0 |
0 |
|a Reengineering the public service :
|b leadership and changes in an electronic age.
|
| 260 |
0 |
0 |
|a Selangor:
|b Pelanduk,
|c 1999.
|
| 300 |
# |
# |
|a 402 p..
|
| 650 |
0 |
0 |
|a Information technology --
|z Malaysia
|
| 650 |
0 |
0 |
|a Reengineering (Management)lzMaslaysia
|
| 650 |
0 |
0 |
|a Civil service reform --
|z Malaysia
|
| 650 |
0 |
0 |
|a Privatisation --
|z Malaysia
|
| 651 |
0 |
0 |
|a Malaysia
|
| 700 |
1 |
# |
|a Muhammad Rais Abdul Karim
|
| 999 |
|
|
|a B000010788
|b Book
|c Malaysia
|e Business Information Centre
|